Les plus gros transferts (arrivées) de Bundesliga (2023/2024) - Statistiques

Statistiques générales
  • Ce quiz a été pris 66 fois
  • Le résultat moyen est 14 sur 30
Statistiques - réponses
Club précédent Club Nationalité Montant NOM % Correct
Tottenham Bayern Munich Angleterre 100 M Harry Kane
100%
RC Lens RB Leipzig Belgique 38.5 M Lois Openda
96%
Napoli Bayern Munich Corée du Sud 50 M Min-Jae Kim
94%
Olympique Lyonnais RB Leipzig France 30 M Castello Lukeba
89%
Stade Rennais VFL Wolfsburg Croatie 25 M Lovro Majer
78%
Bayern Munich Borussia Dortmund Autriche 19 M Marcel Sabitzer
74%
Arsenal Bayer Leverkusen Suisse 15 M Granit Xhaka
72%
RB Salzbourg RB Leipzig Slovénie 24 M Benjamin Sesko
59%
Paris SG RB Leipzig Pays-Bas Prêt Xavi SImons
59%
Inter Union Berlin Allemagne 13 M Robin Gosens
57%
M'Gladbach Borussia Dortmund Algérie Tr. Libre Ramy Bensebaini
52%
Werder Bremen Borussia Dortmund Allemagne 10 M Niclas Fullkrug
50%
Stade Rennais VFB Stuttgart Guinée 9 M Serhou Guirassy
50%
Borussia Dortmund Bayern Munich Portugal Tr. Libre Raphël Guerreiro
48%
VFL Wolfsburg Borussia Dortmund Allemagne 30 M Felix Nmecha
46%
RB Leipzig Bayern Munich Autriche Tr. Libre Konrad Laimer
44%
Benfica Bayer Leverkusen Espagne Tr. Libre Alejandro Grimaldo
39%
Liverpool FC RB Leipzig Portugal Prêt Fabio Carvalho
33%
Atalanta BC VFL Wolfsburg Danemark 12 M Joakim Maehle
33%
Borussia M'Gladbach Bayer Leverkusen Allemagne 10 M Jonas Hofmann
33%
TSG Hoffenheim RB Leipzig Autriche 24 M Christoph Baumgartner
30%
Leeds Union Berlin Etats-Unis Prêt Brenden Aaronson
28%
FC Cologne Eintracht Frankfurt Tunisie Tr. Libre Ellyes Skhiri
26%
FC Porto Union Berlin Portugal 7.5 M Diogo Leite
24%
Southampton FC Bayer Leverkusen Angleterre 23.3 M Nathan Tella
24%
Fenerbahce SK TSG Hoffenheim Hongrie 12.3 M Attila Szalai
20%
Leeds Eintrach Frankfurt Allemagne Prêt Robin Koch
17%
Leeds Borussia M'Gladbach Autriche Prêt Maximilian Wober
15%
RB Salzbourg RB Leipzig Allemagne 20 M Nicolas Seiwald
13%
Mainz TSG Hoffenheim Allemagne 11 M Anton Stach
6%
Aucun quiz correspondant
Distribution des résultats
% des personnes avec chaque résultat
Percentile par nombre de réponses
Votre historique - résultats
Vous n’avez pas pris ce quiz